000
00190 a2200097 4500
001
16313
100
_a
S A E
245
_a
Advanced Fasteners
260
_a
_b
S A E
_c
090
_c
12486
_d
12486
942
_a
NUST-CAE
_c
M
_c
2765
999
_c
251386
_d
251386